MDQL
is popping MORE tags! Check the
thread
!
Quizzes
Events
Quiz Creation
Community
Videos
Private Events
Remove Ads
Sign In
Join for FREE
Feedback
Dark Mode
Quiz Categories
Sports
Geography
Music
Movies
Television
Just For Fun
Miscellaneous
History
Literature
Language
Science
Gaming
Entertainment
Religion
Holiday
For Kids
Quiz Lab
Recent
Popular Today
Quiz Kudos Today
Editor Picks
Curator Picks
Quizzes by...
Day
Popularity
Type
Ratings
Length
Year
Community
Subscriptions
Recent Discussions
Orange Saloon
Badges
Playlists
Quests
Create
Leaderboards
Showdown
Live 5
Trivia Bingo
Activity
Puzzle Library
Sporcle Events
Private Events
Virtual Trivia
Globe League
Become a Host
Pub Owners
SporcleCon
Opinionation
Our Games
Videos
Blog
Mobile Apps
Partnerships
Remove Ads and Go Orange
Feedback
Sports
Athletes
MLB
NBA
NHL
NFL
Soccer
Sports Teams
WWE
NCAA
Football
Premier League
Basketball
Baseball
Hockey
Golf
Tennis
Cricket
Rugby
Auto Racing
Olympics
World Cup
Sports
Athletes
MLB
NBA
NHL
NFL
Soccer
Sports Teams
WWE
NCAA
Football
Premier League
Basketball
Baseball
Hockey
Golf
Tennis
Cricket
Rugby
Auto Racing
Olympics
World Cup
Random Quiz
Search Sporcle
×
Quiz Lab
Quiz Lab
Sports
Soccer
Type in answers that appear in a list
Type in answers that appear in a list
Classic
Best Score? Go Orange.
Soccer Aid 2010 Squads Stats
Can you name the Soccer Aid 2010 Squads?
By
swfc444
10m
33 Questions
96 Plays
96 Plays
96 Plays
Comments
Comments
Give Quiz Kudos
Give Quiz Kudos
-
- Ratings
hide this ad
Replay
Link that replays current quiz
Next Quiz
Link to next quiz in quiz playlist
You Got
0%
They Got
Avg Score
33%
Avg Friend Score
Upgrade to see
Score Distribution
Jump to the score distribution portion of the page
Score
0/33
Timer
10:00
0
Plays Today
Description
Player
% Correct
Singer (and Port Vale Supporter)
Robbie Williams
69.8%
Former England and Newcastle Striker
Alan Shearer
59.4%
Former England Keeper
David Seaman
57.3%
Former England and Son of Spurs Boss
Jamie Redknapp
53.1%
Welsh Midfield Winger
Ryan Giggs
52.1%
Former England and Man Utd Striker
Teddy Sheringham
50%
Former German and Arsenal Stopper
Jens Lehmann
49%
Boxer (the Hitman)
Ricky Hatton
44.8%
Former England and Arsenal Defender
Martin Keown
43.8%
Former Real Madrid Legend
Zinedine Zidane
43.8%
Comedian (Hosts ITV Show 'Take Me Out)
Paddy McGuinness
42.7%
Chef (Ex Rangers Footballer)
Gordon Ramsay
42.7%
Actor (Mr Powers Himself)
Mike Myers
42.7%
Ex AC Milan and Italy Captain
Paulo Maldini
40.6%
Former Celtic Legend
Henrik Larsson
36.5%
Crickter (Former West Indies Superstar)
Brian Lara
35.4%
Boxer (and Competitor on Strictly)
Joe Calzaghe
34.4%
Description
Player
% Correct
Actor (Stared in 'the Damned United)
Michael Sheen
32.3%
Rugby Star (Currently dating Kelly Brooke)
Danny Cipriani
30.2%
Former England and Man Utd Midfielder
Nicky Butt
27.1%
Comedian/
Host (Former Fame Academy Host)
Patrick Kielty
27.1%
Host (of GMTV)
Ben Shepard
25%
Actor (Famous for Gavin and Stacey)
James Cordon
22.9%
Singer (in Famous Irish Boyband)
Ronan Keating
22.9%
Host/
Actor (Former Corrie and Law and Order Star)
Bradley Walsh
21.9%
Actor (Appeared in 7 pounds and Zombieland)
Woody Harrelson
20.8%
Host (Former Blue Peter and Strictky Star)
Gethin Jones
20.8%
Singer (From Irish Quartet)
Nicky Byrne
14.6%
Singer (As Above)
Shane Filan
13.5%
Radio Host (Former C4 Host)
Jamie Theakston
12.5%
Actor/
Producer (Was in US hit 'Life)
Damian Lewis
12.5%
Actor ( Star of the Mentalist)
Simon Baker
7.3%
Actor (Best Known for Apperaing in Heroes)
James Kyson Lee
6.3%
Quiz Playlist
Details
Report
Send in Message
Add To Playlist
Classic:
Type in answers that appear in a list
Quiz Source
Last Updated: Feb 16, 2017
Quiz Scoreboard
CHALLENGE
Sign Up to Join the Scoreboard
Show All
Scores
Hide
Comments
May contain spoilers
Recently Published
Two Season TV Shows II
by 123Four
Television
10m
Image Sorting: Flags VI
by Barbecue
Geography
2m
Find the 'City' Movie
by crazypaving
Movies
60s
More to Explore
Quiz From the Vault
Featured Blog Post
14 Easter Pick-up Lines to Find Eggs With
hide this ad
You Might Also Like...
Tags
Soccer Quiz
2010
Aid
description
Player
Representing
Squad
Today's Top Quizzes in Sports
Browse Sports
hide this ad
Today's Top Quizzes in Soccer
Browse Soccer
Top Contributed Quizzes in Sports
1
Les meilleurs buteurs des matchs entre le PSG et l’OM
2
Les entraîneurs de l'OM et du PSG au 21e siècle
3
2022 World Cup Stars
4
Les joueurs passés par le PSG et l'OM
5
Players with Multiple 50 Home Run Seasons
6
FIFA Club World Cup Champions
7
Criteria MLB: Left Handed Sluggers
8
Les joueurs passés par le LOSC et le RC Lens
9
Top 10 NHL Goal Scorers of All Time
10
MLB Players with Two .350 Batting Average Seasons
Explore More
Trending Topics
Marvel
NBA
Disney
Harry Potter
Kpop
Crossword
Anime
Soccer
Puzzle
Country
Pokémon
NFL
Song
The Office
WWE
hide this ad
More By:
swfc444
Quiz
Plays
Rating
Category
Featured
Created
Football League Managers 2018/19 UK
2,363
3.89
Sports
May 26, 2011
most watched uk tv shows of the decade
1,009
2.75
Television
May 27, 2010
Celebrity Juice Guests
1,002
5.00
Television
May 23, 2011
Premier League Stats 2014/15
583
3.75
Sports
May 27, 2011
Premier League All Time Appearances Top 100
538
3.00
Sports
May 31, 2011
Go to Creator's Profile
Score Distribution
Quiz Creator Spotlight
swfc444
Follow
Send a Message
Quizzes Created
-
Created Quiz Play Count
-
More By This Creator
Popular Quizzes Today
1
Find the US States - No Outlines Minefield
2
Colored Red Africa Blitz
3
Find the 'City' Movie
4
5x2 Blitz: Bands
5
The Countries of the World
6
Find the Countries of Europe - No Outlines Minefield
7
Find the US States
8
US States
More Sports Quizzes
Win The Champions League: 1994-95
Quiz Lab
Trending Quizzes
Colored Red Europe Blitz I
Colored Red Africa Blitz II
Colored Red Europe Blitz II
Colored Red Africa Blitz III
Colored Red Europe Blitz III
Recently Updated
How Do You Spell That?
pecheneg
Godzilla Movies
pecheneg
Grab Bag: 4-10 Letters
pecheneg
2024 March Madness Bracket
pecheneg
Famous TV Couples
Peacemaker
Champions League XIs: Real Madrid
pecheneg
Largest US Cities 1790-2010
pecheneg
Rides in Walt Disney World
pecheneg
Most Oscar Losses (Acting)
pecheneg
Beyoncé Albums
pecheneg
Trending Topics
Anime
Harry Potter
NBA
Marvel
Crossword
Kpop
Disney
Song
The Office
Country
Pokémon
WWE
Puzzle
Soccer
NFL
Your Account Isn't Verified!
In order to create a playlist on Sporcle, you need to verify the email address you used during registration. Go to your
Sporcle Settings
to finish the process.
Report this User
Report this user for behavior that violates our
Community Guidelines
.
Details:
Send Report
Go to the Sporcle.com Mobile Site →
Comments